[Event "Oberliga Ost-A 1617"]
[Site "Germany"]
[Date "2017.01.15"]
[Round "5.4"]
[White "Schunk, Thomas"]
[Black "Nake, Matthias"]
[Result "1-0"]
[WhiteElo "2185"]
[BlackElo "2217"]
[PlyCount "35"]
[EventDate "2016.10.16"]
[EventType "team-tourn"]
[EventRounds "11"]
[EventCountry "GER"]
[SourceTitle "EXT 2018"]
[Source "ChessBase"]
[SourceDate "2017.10.13"]
[SourceVersion "1"]
[SourceVersionDate "2017.10.13"]
[SourceQuality "1"]
[WhiteTeam "Leipzig SG II"]
[BlackTeam "Dresden Gruen Weiss"]
[WhiteTeamCountry "GER"]
[BlackTeamCountry "GER"]

1. c4 c5 2. Nf3 g6 3. Nc3 Bg7 4. d4 cxd4 5. Nxd4 Nc6 6. Nc2 Nf6 7. e4 0-0 8. Be2 d6 9. 0-0 Be6 10. Ne3 Qc8 11. Rb1 Ne5 12. b3 Re8 13. f3 a6 14. Bd2 Rb8 15. Re1 Bd7 16. Ncd5 Nxd5 17. cxd5 Qd8 18. f4 1-0